Responses for Show #6096 - Monday, February 28, 2011

2011 Teen Tournament semifinal game 3.

Contestants

[<< previous game]

Kate Wadman, a junior from Tucson, Arizona

Raynell Cooper, a senior from Rockville, Maryland

Nikhil Desai, a junior from Fremont, California

[next game >>]

Jeopardy! Round responses

OUT WEST
ATHLETES
AMERICAN LITERATURE
THE ENVIRONMENT
PLEDGES & OATHS
A SHORT SPELL
(Alex: Each correct response will be a short word that you have to spell.)
    $200 6
a buffalo

Raynell
    $200 11
his shoes

Kate
    $200 1
James Fenimore Cooper

Nikhil
    $200 26
lightbulbs

Raynell
    $200 16
the U.S. Constitution

Raynell
    $200 21
H-Y-M-N

Nikhil
    $400 7
(Alex: Hence the term "[*] moon".)

the Comanche

Triple Stumper
    $400 5
the balance beam

Kate
    $400 2
The Catcher in the Rye

Nikhil
    $400 27
ozone

Raynell
    $400 17
the Mongols

Raynell
    $400 22
F-L-O-E

Kate
    $600 8
the Oregon Trail

Raynell
    $600 13
Brooklyn Decker

Triple Stumper
    $600 3
The Old Man and the Sea

Nikhil
    $600 28
a park

Nikhil
    $1,300 18
Little League Baseball

Raynell
    $600 23
D-I-R-E

Nikhil
    $800 9
(Nikhil: What is Death Valley?)

Yosemite

NikhilRaynell
    $800 14
Women's soccer

Triple Stumper
    $800 4
Alex Haley

Raynell
    $800 29
overfishing

Nikhil
    $800 19
the Anglican Church

Nikhil
    $800 24
E-R-E

Kate
    $1000 10
Lake Superior

Raynell
    $1000 15
synchronized swimming

Kate
    $1000 12
Herman Melville

Raynell
    $1000 30
asbestos

Raynell
    $1000 20
the Hippocratic Oath

Kate
    $1000 25
L-A-T-H-E

Kate

Scores at the first commercial break (after clue 15):

Nikhil Raynell Kate
$400 $4,400 $1,600

Scores at the end of the Jeopardy! Round:

Nikhil Raynell Kate
$3,400 $7,900 $4,800

Double Jeopardy! Round responses

DRAMA CLUB TRYOUTS
TV SHOW BY CAST
BODY BASICS
YOUNG NOBEL PRIZE WINNERS
FAR EAST MOVEMENT
LIKE A "G"6
(Alex: 6-letter words that will all begin with the letter "G".)
    $400 9
(Nikhil: What is Cinderella?)

Beauty and the Beast

NikhilKate
    $400 4
Fringe

Triple Stumper
    $400 1
the diaphragm

Nikhil
    $400 28
insulin

Nikhil
    $400 16
China

Kate
    $400 18
a guitar

Kate
    $800 10
Wicked

Kate
    $800 5
iCarly

Raynell
    $800 2
the ear drum (or tympanic membrane)

Kate
    $800 29
Northern Ireland

Nikhil
    $800 17
Vietnam

Raynell
    $800 22
a grudge

Kate
    $1200 11
Spelling Bee

Kate
    $1200 6
Smallville

Triple Stumper
    $1200 3
a ball & socket joint

Raynell
    $1200 30
the Curies (Pierre & Marie)

Kate
    $1200 19
the samurai

Kate
    $1200 23
a gaucho

Kate
    $1600 12
(Kate: Who is Godot?)
(Alex: No. Sorry. ... The clue was asking for "this play". We wanted the title [*], but you're still in command, Kate.)

Waiting for Godot

Kate
Triple Stumper
    $1600 7
Supernatural

Triple Stumper
    $1600 14
white blood cells

Nikhil
    $1600 26
Heisenberg

Raynell
    $1600 20
the Korean Peninsula

Raynell
    $4,500 24
galaxy

Kate
    $2000 13
The Crucible

Nikhil
    $2000 8
(Alex: Obviously, you three are not watching what our writers are watching.)
(Kate: Apparently not.)

One Tree Hill

Triple Stumper
    $2000 15
the epiglottis

Raynell
    $3,000 27
carbon

Raynell
    $2000 21
Taiwan

Raynell
    $2000 25
ginger

Nikhil

Scores at the end of the Double Jeopardy! Round:

Nikhil Raynell Kate
$10,200 $20,900 $16,100

[wagering suggestions for these scores]

Final Jeopardy! Round responses

BRANDS
(Alex: Raynell, congratulations. Come on over here. Well done, young man.)
(Raynel: Thank you.)
(Alex: You're going into the finals against these two young ladies.)
(Raya: Raya Elias-Pushett, Ventura, Florida.)
(Kailyn: Kailyn LaPorte, Decatur, Georgia.)
(Alex: And we start the finals tomorrow, right here on Jeopardy! Till then, so long, everybody.)
NikhilWhat is a box?
$599
KateWhat is a Matchbox?
$6,550
RaynellWhat is Matchbox?
$11,305
a matchbox

Final scores:

Nikhil Raynell Kate
$9,601 $32,205 $22,650
3rd place: $10,000 Finalist 2nd place: $10,000

Game dynamics:

Coryat scores:

Nikhil Raynell Kate
$10,200 $19,200 $13,200
14 R,
2 W
20 R
(including 2 DDs),
0 W
18 R
(including 1 DD),
1 W

Combined Coryat: $42,600

[game clues] [game scores] [suggest correction]

Game tape date: 2010-12-07
The J! Archive is created by fans, for fans. Scraping, republication, monetization, and malicious use prohibited; this site may use cookies and collect identifying information. See terms. The Jeopardy! game show and all elements thereof, including but not limited to copyright and trademark thereto, are the property of Jeopardy Productions, Inc. and are protected under law. This website is not affiliated with, sponsored by, or operated by Jeopardy Productions, Inc. Join the discussion at JBoard.tv.